| 000 | 00733nam a2200217Ia 4500 | ||
|---|---|---|---|
| 001 | 5218 | ||
| 003 | GE_BSU | ||
| 008 | 181216s||||||||xx |||||||||||||| ||und|| | ||
| 040 | _cGE_BSU | ||
| 080 | _a512.54 | ||
| 100 | _aГельфанд И.М. Граев М.И. Пятецкий-Шапиро И.И. | ||
| 245 | _aАвтоморфные функции и теория представлений. | ||
| 245 | _bОбобщенные функции. вып. 6. | ||
| 245 | _cГл. ред. физ.-мат. лит-ры. | ||
| 260 | _aМосква | ||
| 260 | _bНаука | ||
| 260 | _c1966 | ||
| 300 | _a512 с. 21 см. | ||
| 653 | _aАвтоморфные функции и теория представлений. | ||
| 942 | _cBK | ||
| 999 |
_c38819 _d38819 |
||